Merced County, Ca communities - Statistics

General Stats
  • This quiz has been taken 14 times
  • The average score is 5 of 24
Answer Stats
Hint Answer % Correct
City Atwater
83%
City Merced
83%
City Los Baños
50%
CDP Delhi
33%
CDP Hilmar
33%
City Livingston
33%
CDP Santa Nella
33%
CDP Winton
33%
CDP El Nido
17%
CDP Franklin
17%
City Gustine
17%
CDP Le Grand
17%
CDP McSwain
17%
CDP Snelling
17%
CDP South Dos Palos
17%
CDP Volta
17%
CDP Ballico
0%
CDP Bear Creek
0%
CDP Cressey
0%
City Dos Palos
0%
CDP Dos Palos Y
0%
CDP Planada
0%
CDP Stevinson
0%
CDP Tuttle
0%
No matching quizzes found
Score Distribution
Percent of People with Each Score
Percentile by Number Answered
Your Score History
You have not taken this quiz